| 000 | 00562nam a22001937a 4500 | ||
|---|---|---|---|
| 005 | 20220803102629.0 | ||
| 008 | 220712b ||||| |||| 00| 0 eng d | ||
| 040 | _cAloy | ||
| 041 | _aeng | ||
| 082 |
_223 _a551.46092 _bCOUO |
||
| 100 |
_aJacques Cousteau _954571 |
||
| 245 | _aOcean world of Jacques Cousteau: man reenters the sea | ||
| 260 |
_aCanada: _bWorld Publishing Company, _c1974 |
||
| 300 |
_a144p. _bHB _c28x22cm. |
||
| 650 |
_aMarine Biology _948178 |
||
| 650 |
_aMarine Organism _948179 |
||
| 700 |
_aCOUSTEAU (Jacques) _948181 |
||
| 942 |
_2ddc _cGF |
||
| 999 |
_c223699 _d223699 |
||